000 00715nam a2200181Ia 4500
001 7564
003 GE_BSU
008 181216s||||||||xx |||||||||||||| ||und||
040 _cGE_BSU
245 _aბუღალტრული აღრიცხვა, №8.2013. (აგვისტო)
245 _bსამეცნიერო-პრაქტიკული ჟურნალი.
245 _cმთ.რედ:ლავრენტი ჭუმბურიძე,გამოც.რედ:მანანა გველესიანი,და სხვ.
260 _aთბილისი.
260 _c2013.
300 _a64გვ;29სმ.
653 _aპერიოდიკა
942 _cCR
999 _c40919
_d40919